00171nam a22000857a 4500040000800000082001800008100000800026245003900034260001200073 cDLC a891.4391bDAG aDag aIntikhaab Qalam DaghcMir Taqi Mir a?b?c?